Statistiche per Versi degli animali - Quiz n°4

Clicka qui per fare il quiz!

Statistiche generali

  • Questo quiz è stato fatto 15 volte
  • Il punteggio medio è 4 su 10

Statistiche sulle risposte

HintRisposta% Corretto
RonzareCalabrone
100%
MuggireMucca
85%
FrinireCavalletta
69%
StridireCivetta
46%
GridareScimmia
46%
TrillareAllodola
31%
PotpottareFuretto
15%
BubolareGufo
15%
ChioccolarePettirosso
8%
GrugnareTortora
0%

Distribuzione punteggi

Percentile per numero di risposta

Percentuale di utenti per punteggio

I tuoi punteggi nel tempo

Non hai fatto questo quiz